000 00570nam a2200181Ia 4500
008 100920s9999 xx 000 0 und d
082 _b105520
_a28 व 891 थ 93
100 _aमहाजन जगन्नाथ.
245 _aकाळाचोर.
260 _bअनमोल प्रकाशन,पुणे.
_c1993
300 _a32
_bसाधी
365 _b4
520 _aबा.वि.लघुकथा.
630 _aकाळाचोर.
650 _aबा.वि.लघुकथा.
730 _aकाळाचोर.
942 _cBOOK
999 _c745951
_d745948